Statistics for Guess the Classic Rock Song by a Lyric #1

Click here to take the quiz!

General Stats

  • This quiz has been taken 300 times
  • The average score is 10 of 20

Answer Stats

LyricsTitleArtist% Correct
"Caught in a landslide, no escape from reality"Bohemian RhapsodyQueen
82%
"Just a small town, girl. Livin' in a lonely world"Don't Stop Believin'Journey
79%
"I see a red door and I want it painted black. No colors anymore, I want them to turn black"Paint It, BlackThe Rolling Stones
77%
"Every smile you fake, every claim you stake, I'll be watching you"Every Breath You TakeThe Police
75%
"Risin' up, back on the street. Did my time, took my chances"Eye of the TigerSurvivor
68%
"With the lights out, it's less dangerous. Here we are now, entertain us"Smells Like Teen SpiritNirvana
67%
"Exit, light. Enter, night"Enter SandmanMetallica
64%
"There's a lady who's sure, all that glitters is gold"Stairway to HeavenLed Zeppelin
63%
"It gets worse here every day. You learn to live like an animal in the jungle where we play"Welcome to the JungleGuns N' Roses
63%
"I don't ever want to feel, like I did that day. Take me to the place I love, take me all the way"Under the BridgeRed Hot Chili Peppers
49%
"Suddenly, I'm not half the man I used to be. There's a shadow hangin' over me"YesterdayThe Beatles
48%
"I thought that I heard you laughing. I thought that I heard you sing. I think I thought I saw you try"Losing My ReligionR.E.M.
46%
"Hello? Hello? Hello? Is there anybody in there? Just nod if you can hear me"Comfortably NumbPink Floyd
41%
"Every time when I look in the mirror. All these lines on my face getting clearer"Dream OnAerosmith
40%
"Yeah, darlin' go make it happen. Take the world in a love embrace"Born to Be WildSteppenwolf
25%
"Loving you isn't the right thing to do. How can I ever change things that I feel?"Go Your Own WayFleetwood Mac
25%
"See the stone set in your eyes, see the thorn twist in your side. I'll wait for you"With or Without YouU2
25%
"The time to hesitate is through. No time to wallow in the mire"Light My FireThe Doors
24%
"In my eyes, indisposed. In disguises no one knows"Black Hole SunSoundgarden
23%
"I've been waiting so long, to be where I'm going"Sunshine of Your LoveCream
19%

Score Distribution

Percentile by Number Answered

Percent of People with Each Score

Your Score History

You have not taken this quiz